Le plus grande ville commençant par N dans ce pays - Statistiques

Statistiques générales
  • Ce quiz a été pris 230 fois
  • Le résultat moyen est 9 sur 18
Statistiques - réponses
Pays N -ville % Correct
Kenya Nairobi
89%
France Nice
86%
Chypre Nicosie
85%
Italie Naples
79%
États-Unis New York
68%
Niger Niamey
66%
Allemagne Nuremberg
66%
Belgique Namur
62%
Japon Nagoya
49%
Chine Nankin
43%
Royaume-Uni Newcastle
41%
Russie Novossibirsk
34%
Serbie Novi Sad
22%
Pays-bas Nimègue
21%
Brésil Natal
16%
Inde Nagpur
13%
Suéde Norrköping
13%
Mexique Nezahualcóyotl
3%
Aucun quiz correspondant
Distribution des résultats
% des personnes avec chaque résultat
Percentile par nombre de réponses
Votre historique - résultats
Vous n’avez pas pris ce quiz